| 000 | 00520nam a2200133Ia 4500 | ||
|---|---|---|---|
| 008 | 171212s9999 xx 000 0 und d | ||
| 020 | _a9780833051783 | ||
| 100 | _aCrane, Keith;Burger, Nicholas;Wachs, Martin | ||
| 245 |
_cCrane, Keith;Burger, Nicholas;Wachs, Martin _aThe Option of an Oil Tax to Fund Transportation and Infrastructure |
||
| 260 |
_bRAND Corporation _c2011 |
||
| 650 | _aBusiness | ||
| 650 | _aPetroleum -- Taxation -- Economic aspects -- United States | ||
| 856 | _uwww.jstor.org/stable/10.7249/op320rc | ||
| 999 |
_c352697 _d352697 |
||